[Event "Novi Sad-Turkey GpB"]
[Site "Novi Sad"]
[Date "2018.08.13"]
[Round "9"]
[White "Pantic, Miroslav"]
[Black "Saglam, Emrah Sitki"]
[Result "0-1"]
[WhiteElo "2035"]
[BlackElo "1578"]
[PlyCount "76"]
[EventDate "2018.08.07"]
[EventType "schev"]
[EventRounds "10"]
[EventCountry "SRB"]
[SourceTitle "CBM 186 Extra"]
[Source "ChessBase"]
[SourceDate "2018.08.24"]
[SourceVersion "1"]
[SourceVersionDate "2018.08.24"]
[SourceQuality "1"]

1. e4 c5 2. Nf3 d6 3. b3 Nf6 4. d3 Nc6 5. Bb2 e6 6. c4 g6 7. Nc3 Bg7 8. Be2 a6 9. d4 cxd4 10. Nxd4 0-0 11. 0-0 Qb6 12. Na4 Qc7 13. Bf3 Ne5 14. Rc1 Nxf3+ 15. Qxf3 Nd7 16. b4 Ne5 17. Qb3 Bd7 18. Rfd1 Bxa4 19. Qxa4 Nxc4 20. Qb3 d5 21. exd5 exd5 22. a4 Qd7 23. Bc3 b5 24. a5 Rfe8 25. Re1 Qg4 26. h3 Qf4 27. g3 Qd6 28. Rcd1 Qd7 29. Kg2 Rxe1 30. Rxe1 Re8 31. Qd1 h5 32. h4 Nd6 33. Ba1 Rc8 34. Nb3 Bxa1 35. Qxa1 Ne4 36. Qb2 Rc4 37. f3 Qc7 38. Kf1 Rc2 0-1

[Event "Novi Sad-Turkey GpB"]
[Site "Novi Sad"]
[Date "2018.08.10"]
[Round "4"]
[White "Saglam, Emrah Sitki"]
[Black "Pantic, Miroslav"]
[Result "1/2-1/2"]
[WhiteElo "1578"]
[BlackElo "2035"]
[PlyCount "87"]
[EventDate "2018.08.07"]
[EventType "schev"]
[EventRounds "10"]
[EventCountry "SRB"]
[SourceTitle "CBM 186 Extra"]
[Source "ChessBase"]
[SourceDate "2018.08.24"]
[SourceVersion "1"]
[SourceVersionDate "2018.08.24"]
[SourceQuality "1"]

1. d4 Nf6 2. c4 g6 3. Nc3 Bg7 4. Nf3 0-0 5. Bf4 d6 6. h3 c5 7. e3 Qb6 8. Qb3 Qxb3 9. axb3 Na6 10. Be2 Bf5 11. 0-0 Nb4 12. dxc5 dxc5 13. Ne5 Nd7 14. Nxd7 Bxd7 15. Rfd1 Bc6 16. Rd2 a6 17. Na4 Rfd8 18. Rad1 Rxd2 19. Rxd2 Bf8 20. Nb6 Re8 21. Nd7 Kg7 22. Nxf8 Rxf8 23. Bc7 Be4 24. Bb6 Rc8 25. Rd7 Kf6 26. f3 Ke6 27. Rd2 Bc2 28. Bd1 Bxd1 29. Rxd1 Rc6 30. Ba5 Rd6 31. Rxd6+ Kxd6 32. Bxb4 cxb4 33. Kf2 Kc5 34. Ke2 f5 35. Kd3 e5 36. h4 a5 37. g4 h5 38. g5 b6 39. Kd2 a4 40. Kc2 e4 41. f4 b5 42. cxb5 Kxb5 43. Kb1 a3 44. Ka2 1/2-1/2

[Event "TUR-chT 2nd League"]
[Site "Konya"]
[Date "2018.07.17"]
[Round "2.11"]
[White "Aysoy, Veysi"]
[Black "Saglam, Emrah Sitki"]
[Result "1-0"]
[WhiteElo "1933"]
[BlackElo "1598"]
[PlyCount "71"]
[EventDate "2018.07.16"]
[EventType "team-swiss"]
[EventRounds "9"]
[EventCountry "TUR"]
[SourceTitle "EXT 2019"]
[Source "ChessBase"]
[SourceDate "2018.10.10"]
[SourceVersion "1"]
[SourceVersionDate "2018.10.10"]
[SourceQuality "1"]
[WhiteTeam "Mezopotamya"]
[BlackTeam "Maras Spor Kulubu"]
[WhiteTeamCountry "TUR"]
[BlackTeamCountry "TUR"]

1. e4 c5 2. Nc3 g6 3. g3 Bg7 4. d3 Nc6 5. Bg2 d6 6. Nge2 a6 7. 0-0 Nf6 8. h3 Bd7 9. g4 Rb8 10. Ng3 h6 11. Be3 Qc8 12. Qd2 Ne5 13. Nd5 b5 14. Nxf6+ Bxf6 15. f4 Nc6 16. c3 b4 17. f5 bxc3 18. bxc3 Bh4 19. Ne2 gxf5 20. exf5 Ne5 21. Nf4 Bc6 22. Rab1 Rxb1 23. Rxb1 Bxg2 24. Qxg2 Bg5 25. Qe4 0-0 26. Nd5 Re8 27. Bxg5 hxg5 28. f6 Ng6 29. fxe7 Kg7 30. Rf1 Qd7 31. Nf6 Qc8 32. Qf5 Qa8 33. Nh5+ Kh6 34. Qf6 Rg8 35. Rf5 Qe8 36. Qxg5+ 1-0

[Event "TUR Cup										"]
[Site "Antalya"]
[Date "2018.01.27"]
[Round "1"]
[White "Saglam, Emrah Sitki"]
[Black "Karaahmetoglu, Ege"]
[Result "0-1"]
[WhiteElo "1590"]
[BlackElo "2061"]
[PlyCount "130"]
[EventDate "2018.01.27"]
[EventType "swiss"]
[EventRounds "11"]
[EventCountry "TUR"]
[SourceTitle "CBM 182 Extra"]
[Source "ChessBase"]
[SourceDate "2018.02.23"]
[SourceVersion "1"]
[SourceVersionDate "2018.02.23"]
[SourceQuality "1"]

1. e4 e5 2. Nf3 Nc6 3. Bb5 a6 4. Ba4 Nf6 5. 0-0 Be7 6. Re1 b5 7. Bb3 0-0 8. c3 d6 9. h3 Na5 10. Bc2 c5 11. d4 Qc7 12. Nbd2 cxd4 13. cxd4 Nc6 14. d5 Nb4 15. Bb1 a5 16. Nf1 Bd7 17. Ne3 Rfc8 18. Bd2 Na6 19. Bc2 Nc5 20. Rc1 Qb7 21. b4 Ncxe4 22. bxa5 Nxd2 23. Qxd2 Bd8 24. Red1 Bxa5 25. Qe2 g6 26. Ng5 Bb6 27. Qf3 Kg7 28. Bb3 h6 29. Ne4 Nxe4 30. Qxe4 f5 31. Qh4 g5 32. Qh5 Bxe3 33. fxe3 Qb6 34. Qe2 b4 35. Kh2 Bb5 36. Qd2 Be8 37. Rf1 Bg6 38. Rfe1 Qb5 39. Rxc8 Rxc8 40. Rc1 Rxc1 41. Qxc1 Qc5 42. Qe1 Qc3 43. Qe2 Qc5 44. Qa6 f4 45. Qb7+ Bf7 46. exf4 exf4 47. Qe7 f3 48. gxf3 Qf2+ 49. Kh1 Qxf3+ 50. Kh2 Qf6 51. Qb7 Qe5+ 52. Kg2 Qe4+ 53. Kh2 Kf6 54. Qb6 Qe5+ 55. Kg2 Bxd5+ 56. Bxd5 Qxd5+ 57. Kg3 Qd3+ 58. Kg2 Ke5 59. Qxb4 Qe4+ 60. Qxe4+ Kxe4 61. a4 h5 62. Kg3 Kd5 63. Kf3 Kc5 64. Ke4 d5+ 65. Kd3 g4 0-1

[Event "TUR Cup"]
[Site "Antalya"]
[Date "2017.01.31"]
[Round "5"]
[White "Adsiz, Melik Baver"]
[Black "Saglam, Emrah Sitki"]
[Result "1-0"]
[WhiteElo "1491"]
[BlackElo "1663"]
[PlyCount "70"]
[EventDate "2017.01.28"]
[EventType "swiss"]
[EventRounds "11"]
[EventCountry "TUR"]
[SourceTitle "CBM 176 Extra"]
[Source "ChessBase"]
[SourceDate "2017.03.02"]
[SourceVersion "1"]
[SourceVersionDate "2017.03.02"]
[SourceQuality "1"]

1. e4 c5 2. Nf3 Nc6 3. d4 cxd4 4. Nxd4 g6 5. Be3 Nf6 6. Nc3 d6 7. f3 Bg7 8. Qd2 a6 9. 0-0-0 Qc7 10. Kb1 Nxd4 11. Bxd4 Be6 12. g4 h6 13. h4 Rc8 14. Bd3 Qa5 15. g5 Rxc3 16. Qxc3 Qxa2+ 17. Kc1 hxg5 18. Kd2 Qa4 19. Ke2 gxh4 20. f4 Bg4+ 21. Kf2 0-0 22. Rd2 Rc8 23. b3 Rxc3 24. bxa4 Ra3 25. Rxh4 Rxa4 26. Bxf6 Bxf6 27. Rxg4 b5 28. Kf3 Ra1 29. f5 g5 30. Rdg2 b4 31. e5 dxe5 32. Rxb4 a5 33. Rb8+ Kg7 34. Rh2 e4+ 35. Kxe4 Be5 1-0

[Event "World Amateur-ch"]
[Site "Antalya"]
[Date "2011.10.10"]
[Round "9"]
[White "Saglam, Emrah Sitki"]
[Black "Ulusal, Mehmet Haci"]
[Result "1/2-1/2"]
[WhiteElo "1669"]
[BlackElo "1689"]
[PlyCount "149"]
[EventDate "2011.10.01"]
[EventType "swiss"]
[EventRounds "9"]
[EventCountry "TUR"]
[SourceTitle "CBM 144 Extra"]
[Source "ChessBase"]
[SourceDate "2011.10.28"]
[SourceVersion "1"]
[SourceVersionDate "2011.10.28"]
[SourceQuality "1"]

1. d4 d5 2. c4 e6 3. Nc3 Nf6 4. Nf3 Be7 5. Bg5 0-0 6. e3 b6 7. Qc2 Bb7 8. cxd5 exd5 9. Bd3 h6 10. Bh4 Nbd7 11. 0-0 c5 12. Rad1 cxd4 13. Nxd4 Nc5 14. Nf5 Rc8 15. Bc4 Rc7 16. Nxe7+ Qxe7 17. Nxd5 Bxd5 18. Bxd5 Nce4 19. Qxe4 Qxe4 20. Bxe4 Nxe4 21. f3 Ng5 22. Bg3 Rc2 23. Rf2 Rfc8 24. Be5 a5 25. Rxc2 Rxc2 26. Rd8+ Kh7 27. Rb8 Rc6 28. Bd4 Ne6 29. Bc3 Nc5 30. e4 f6 31. Kf2 Na4 32. Bd4 Rc4 33. Bxb6 Rc2+ 34. Kg3 Rxb2 35. Bc7 Rxa2 36. Bxa5 Nc5 37. Bc3 Ra3 38. Bd4 Nxe4+ 39. Kf4 Ng5 40. Re8 Kg6 41. h4 Kf7 42. Rf8+ Kxf8 43. Bc5+ Kf7 44. Bxa3 Ne6+ 45. Ke4 g6 46. g4 h5 47. Bb4 Ng7 48. Kf4 Ke6 49. Bc3 Ne8 50. gxh5 gxh5 51. Bb4 Nc7 52. Ke4 Nd5 53. Bd2 Ne7 54. Kf4 Ng6+ 55. Kg3 Kf5 56. Bc3 Ne5 57. Bd4 Nd3 58. Bc3 Ke6 59. Bd2 f5 60. Be3 Ke5 61. Ba7 f4+ 62. Kg2 Kd5 63. Kf1 Ne5 64. Ke2 Ng6 65. Bb8 Kd4 66. Bc7 Kd5 67. Kd3 Nxh4 68. Bxf4 Nxf3 69. Ke3 Ne1 70. Bg5 Ke5 71. Ke2 Nc2 72. Kf2 Kf5 73. Bd8 Nd4 74. Kg3 Ne2+ 75. Kf2 1/2-1/2

[Event "World Amateur-ch"]
[Site "Antalya"]
[Date "2011.10.09"]
[Round "8"]
[White "Eremkere, Mehmet Halil"]
[Black "Saglam, Emrah Sitki"]
[Result "0-1"]
[WhiteElo "1946"]
[BlackElo "1669"]
[PlyCount "102"]
[EventDate "2011.10.01"]
[EventType "swiss"]
[EventRounds "9"]
[EventCountry "TUR"]
[SourceTitle "CBM 144 Extra"]
[Source "ChessBase"]
[SourceDate "2011.10.28"]
[SourceVersion "1"]
[SourceVersionDate "2011.10.28"]
[SourceQuality "1"]

1. e4 c5 2. Nf3 d6 3. d4 cxd4 4. Nxd4 Nf6 5. Nc3 Nc6 6. Be2 e6 7. Bg5 Be7 8. Qd2 a6 9. 0-0 0-0 10. Bf3 Ne5 11. Be2 Qb6 12. Kh1 Ng6 13. Be3 Qc7 14. g3 Rd8 15. f4 b5 16. Bf3 Bb7 17. Qg2 b4 18. Nd1 e5 19. Nb3 d5 20. f5 dxe4 21. Be2 Nf8 22. g4 Nd5 23. g5 Nf4 24. Qg4 Bxg5 25. Qxg5 f6 26. Qg4 h5 27. Rxf4 hxg4 28. Rxg4 Qxc2 29. Rg2 Qc8 30. Nc5 Bd5 31. Bg4 a5 32. a3 Nd7 33. Ne6 Nb6 34. Bxb6 Rd6 35. Be3 Rc6 36. Rd2 Qa6 37. Nf2 bxa3 38. bxa3 Rc3 39. Re1 Rxe3 40. Red1 Rd3 41. Nxd3 exd3+ 42. Kg1 Qb6+ 43. Kf1 Rc8 44. Rxd3 Bc4 45. Be2 Bxd3 46. Rxd3 g6 47. Rd7 Rc1+ 48. Kg2 Qc6+ 49. Rd5 Qxd5+ 50. Bf3 Qd2+ 51. Kg3 Rg1+ 0-1

[Event "World Amateur-ch"]
[Site "Antalya"]
[Date "2011.10.01"]
[Round "1"]
[White "Saglam, Emrah Sitki"]
[Black "Gokcen, Fatih"]
[Result "0-1"]
[WhiteElo "1669"]
[BlackElo "1963"]
[PlyCount "128"]
[EventDate "2011.10.01"]
[EventType "swiss"]
[EventRounds "9"]
[EventCountry "TUR"]
[SourceTitle "CBM 144 Extra"]
[Source "ChessBase"]
[SourceDate "2011.10.28"]
[SourceVersion "1"]
[SourceVersionDate "2011.10.28"]
[SourceQuality "1"]

1. d4 Nf6 2. c4 b6 3. Nf3 e6 4. Nc3 Bb4 5. Bg5 Bb7 6. e3 h6 7. Bh4 g5 8. Bg3 Ne4 9. Rc1 Nc6 10. d5 Bxc3+ 11. bxc3 Nxg3 12. hxg3 Na5 13. Qd4 f6 14. Bd3 Kf7 15. Rd1 c5 16. Qe4 Qg8 17. Qg4 Rd8 18. Qh5+ Kf8 19. e4 Ba6 20. e5 Qg7 21. exf6 Qxf6 22. Nxg5 exd5 23. Rh4 Ke7 24. Qe2+ Kd6 25. cxd5 Bxd3 26. Ne4+ Bxe4 27. Rxe4 Qxc3+ 28. Kf1 Rhf8 29. Rd3 Qc1+ 30. Rd1 Qg5 31. Re6+ Kc7 32. Qe5+ Qxe5 33. Rxe5 Rf6 34. Re7 Rdf8 35. f3 R8f7 36. Re8 Nc4 37. Kf2 Nd6 38. Rh8 Ne4+ 39. Kg1 Nxg3 40. d6+ Kb7 41. Rd5 Ne2+ 42. Kh2 Rg7 43. Re5 Rg5 44. Rxe2 Rxd6 45. g4 b5 46. Kg3 Rdg6 47. Kh4 b4 48. Rh7 Rd5 49. f4 Rf6 50. f5 a5 51. Kh5 Rdd6 52. Re5 Kb6 53. Rh8 Rd2 54. Kh4 Rh2+ 55. Kg3 Rxa2 56. Rd5 Kc6 57. Re5 Kd6 58. Ree8 b3 59. Rb8 b2 60. Rhe8 Kd5 61. Re1 a4 62. g5 Rxf5 63. gxh6 Ra1 64. Kg4 Rxe1 0-1

[Event "TUR-ch op"]
[Site "Antalya"]
[Date "2008.02.09"]
[Round "10.73"]
[White "Saglam, Emrah Sitki"]
[Black "Ozturk, Hilal"]
[Result "1-0"]
[WhiteElo "1662"]
[BlackElo "1533"]
[PlyCount "87"]
[EventDate "2008.02.04"]
[EventType "swiss"]
[EventRounds "11"]
[EventCountry "TUR"]
[SourceTitle "CBM 122 Extra"]
[Source "ChessBase"]
[SourceDate "2008.03.04"]
[SourceVersion "1"]
[SourceVersionDate "2008.03.04"]
[SourceQuality "1"]

1. d4 d5 2. c4 e6 3. Nc3 Nf6 4. Bg5 Be7 5. Nf3 h6 6. Bh4 Nbd7 7. e3 0-0 8. Qc2 dxc4 9. Bxc4 Nb6 10. Bd3 Nfd5 11. Bxe7 Qxe7 12. e4 Nb4 13. Qd2 Nxd3+ 14. Qxd3 Rd8 15. e5 c5 16. 0-0 cxd4 17. Nxd4 Qb4 18. Nc6 Rxd3 19. Nxb4 Rd4 20. Nc2 Rd2 21. Rac1 Nc4 22. Rfd1 Rxd1+ 23. Rxd1 Nxe5 24. Rd8+ Kh7 25. Nb5 Nc6 26. Rf8 Kg6 27. Nd6 Ne7 28. Nd4 e5 29. N4b5 f6 30. Nc7 Rb8 31. Re8 Nc6 32. Rxc8 Rxc8 33. Nxc8 Kf5 34. Nd6+ Kf4 35. Ne6+ Kg4 36. f3+ Kh5 37. Nxg7+ Kg6 38. Ne6 Nb4 39. a4 b6 40. Nc7 Nc6 41. Kf2 Kg5 42. Ne6+ Kh4 43. Ne4 Kh5 44. Nxf6+ 1-0